Statystyki dla Real Madryt skład 20/21

Kliknij tutaj aby rozwiązać quiz!

Ogólne statystyki

  • Ten quiz został rozwiązany 265 razy
  • Średni wynik to 16 z 24

Statystyki odpowiedzi

PozycjaZawodnik% Poprawnych
NapastnikBenzema
95%
PomocnikModric
92%
ObrońcaRamos
89%
PomocnikKroos
88%
BramkarzCourtois
86%
PomocnikCasemiro
84%
ObrońcaMarcelo
84%
ObrońcaCarvajal
83%
ObrońcaVarane
79%
ObrońcaMendy
78%
ObrońcaMilitao
76%
BramkarzLunin
75%
NapastnikRodrygo
75%
PomocnikValverde
72%
NapastnikAsensio
64%
NapastnikHazard
60%
PomocnikIsco
58%
NapastnikVazquez
58%
ObrońcaFernandez
52%
NapastnikDiaz
49%
NapastnikJunior
45%
ObrońcaOdriozola
39%
NapastnikArribas
9%
NapastnikDuro
4%

Rozkład punktacji

Percentyl według liczby udzielonych odpowiedzi

Procent ludzi z każdym wynikiem

Twoja historia wyników

Nie rozwiązałeś tego quizu